| 000 | 00316nam a22001217a 4500 | ||
|---|---|---|---|
| 008 | 131128t xxu||||| |||| 00| 0 eng d | ||
| 020 | _a81-8189-015-9 | ||
| 040 |
_aASAB _cASAB |
||
| 100 |
_aM.L. Sood _9328 |
||
| 245 | _aNematode Parasites of Birds (including poultry) from south Asia | ||
| 300 | _a340 | ||
| 942 |
_2ddc _cBK |
||
| 999 |
_c16594 _d16594 |
||